000 00801nas a2200265 4500
001 BR2014000911
003 BR-BrBNA
005 20231205123704.0
007 ta
008 230509b bl.|||p| |||| 00| 00por d
040 _aBR-BrBNA
_bpor
_cBiblioteca Nacional de Agricultura
041 _a(En)
072 _aH10
100 1 _aLima, L.D.
100 1 _aAntonialli Junior, W.F.
245 1 _aForaging strategies of the ant Ectatomma vizottoi (Hymenoptera, Formicidae)
650 _aFORMIGA
650 _aHIMENOPTERO
650 _aBIOLOGIA
650 _aECOLOGIA
650 _aHÁBITO ALIMENTAR
773 0 _tRevista Brasileira de Entomologia (Brazil)
_xISSN 0085-5626
_g(Oct-Dec 2013), v. 57(4) p. 392-396
_wBR2014000911
909 _a202311
_bLúcia
_c55
_dLúcia Elande
942 _2AGRIS
_n0
_cANA
999 _c235184
_d235184